000
00298nam a22001097a 4500
008
160618b xxu||||| |||| 00| 0 eng d
100
_9
31
_a
Holland Enterprises
245
_a
A Day at the Zoo
_b
A Day at the Zoo
260
_a
Essar.Holland Enterprises
_c
1998
300
_a
A Day at the Zoo
942
_2
ddc
_c
BK
999
_c
27
_d
27